000 00317nam a2200109Ia 4500
008 240731s9999 xx 000 0 und d
245 0 _aAustralia and New Zealand Journal of Developmental Disabilities
260 _bTaylor & Francis
856 _uhttps://www.tandfonline.com/loi/cjid19
942 _2ddc
942 _cTFEJ
999 _c75511
_d75511
945 _a1
_bMadushi Gamage
_c1
_dMadushi Gamage